| 000 | 00899cab a2200241 4500 | ||
|---|---|---|---|
| 001 | ABS56230 | ||
| 008 | 090401t1996 xxu||||| |||| 00| 0 eng d | ||
| 035 | _a(Sirsi) u22079 | ||
| 041 | _aeng | ||
| 100 | _aDriscoll, J. | ||
| 245 | _aNew assured tenancies - new dangers? | ||
| 260 | _c1996 | ||
| 350 | _a0 | ||
| 490 |
_aNew Law Journal _v146(6769) 22 November 1996, 1699-1700(2) |
||
| 520 | _aReviews the changes that will be made to assured tenancies by the Housing Act 1996, and the problems that may occur. Claims that they will lead to deregulation and the eventual demise of the private rented sector. | ||
| 650 | _aASSURED SHORTHOLD TENANCIES | ||
| 650 | _aASSURED TENANCIES | ||
| 650 | _aHOUSING ACT 1996 | ||
| 650 | _aPRIVATE RENTED SECTOR | ||
| 690 | _aPROPERTY-RESIDENTIAL PROPERTY-RESIDENTIAL LANDLORD AND TENANT-RESIDENTIAL TENANCIES | ||
| 942 | _n0 | ||
| 948 | _c04/03/1997 | ||
| 999 |
_c14786 _d14786 |
||